000 00756nam a2200217Ia 4500
003 GCL
008 140319s9999 xx 000 0 ara d
020 _a577409960
040 _aGCL /
_cGCL
082 0 4 _a371.33
_bم ت
100 1 _aماير، ريتشارد اى .
245 1 0 _aالتعلم بالوسائط المتعددة /
_cماير، ريتشارد اى .
250 _aالاولى
260 _aالرياض :
_bمكتبة العبيكان ،
_c2004
300 _a376 ص ؛
_c24 سم
650 0 4 _aالتخطيط التربوى
650 0 4 _aالتعليم - وسائل سمعية و بصرية
650 0 4 _aالتعليم - الطرق التجريبية
650 0 4 _aالتعليم - خدمات المعلومات
942 _2ddc
_cBK
999 _c7918
_d7918